| 000 | 00488nam a2200145 4500 | ||
|---|---|---|---|
| 008 | 0 1966 0a 000 0ESP | ||
| 082 | _a546 A563q | ||
| 100 | _aAdams,D.M. | ||
| 245 | _aQuímica inorg nica práctica avanzada / D.M.Adams, J.B.Raynor | ||
| 260 | _aBarcelona,España: Reverté | ||
| 300 | _a179p. / 22cm. | ||
| 500 | _aIncluye Ap‚ndices,Indice de formulas de compuestos preparados,indice alfab‚tico. | ||
| 650 | _a1.QUIMICA INORGANICA | ||
| 700 | _aRaynor, J.B. | ||
| 999 |
_c21111 _d21111 |
||